Wi$h Li$t - Taylor Swift (All Lyrics) - Statistics

General Stats
  • This quiz has been taken 349 times
    278 since last reset
  • The average score is 375 of 426
Answer Stats
Lyrics % Correct
the
99%
want
99%
want)
99%
a
98%
They
98%
they
98%
have
97%
Have
97%
I
97%
kids,
97%
kids
97%
who
97%
you,
97%
you
97%
(You,
97%
You
97%
you)
97%
(You)
97%
couple
96%
just
96%
like
96%
an
95%
and
95%
And
95%
get
95%
(Get
95%
got
95%
Got
95%
(Got
95%
looking
95%
that
95%
what
95%
wish
95%
(Wish
95%
with
95%
do,
94%
do
94%
list
94%
list)
94%
whole
94%
all
93%
block
93%
it
91%
me
91%
to
91%
us
91%
We
91%
we
91%
fuck
90%
Hope
90%
hope
90%
alone,
89%
basketball
89%
leave
89%
should
89%
tell
89%
deserve
88%
hoop
88%
(Hoop)
88%
of
88%
world
88%
down,
86%
driveway
85%
dreaming
84%
life,
84%
(Oh),
84%
on
84%
Real
84%
settle
84%
'bout
83%
contract
83%
Madrid
83%
off
82%
yeah)
82%
(Yeah),
82%
up,
81%
their
80%
then
80%
baby
78%
(Baby)
78%
no
78%
face
76%
internet
76%
video
76%
but
74%
fat
74%
is
74%
those
74%
ass
73%
think
73%
taken
72%
call
71%
best
70%
friend
70%
fuckin'
70%
hot
70%
not
70%
shades
70%
lit
69%
my
69%
Balenci'
68%
Boss
68%
did
68%
had
68%
was
68%
yacht
68%
dogs
66%
floor
65%
God,
65%
twice,
65%
bathroom
64%
break
64%
once,
64%
Oscar
64%
Please,
64%
spring
64%
chopper
63%
right,
63%
thought
63%
three
63%
wow
63%
'Cause
62%
blades
61%
stars
61%
under
61%
wishes
61%
made
60%
bring
59%
character
59%
complex
59%
female
59%
guard
59%
know
59%
living
59%
(Ooh)
59%
grid
58%
caught
57%
bright
54%
lights
54%
can
49%
freedom,
49%
smash
49%
d'Or
48%
critical
47%
'em
47%
now
47%
good
45%
hypocrites
45%
Palme
45%
surf,
43%
huh
32%
No matching quizzes found
Score Distribution
Percent of People with Each Score
Percentile by Number Answered
Your Score History
You have not taken this quiz since the last reset